<?xml version="1.0" encoding="UTF-8"?>
<record
    xmlns:xsi="http://www.w3.org/2001/XMLSchema-instance"
    xsi:schemaLocation="http://www.loc.gov/MARC21/slim http://www.loc.gov/standards/marcxml/schema/MARC21slim.xsd"
    xmlns="http://www.loc.gov/MARC21/slim">

  <leader>01216nam a2200241 a 4500</leader>
  <controlfield tag="001">38504</controlfield>
  <controlfield tag="003">BD-RjUL</controlfield>
  <controlfield tag="005">20211209052817.0</controlfield>
  <controlfield tag="008">151221s1918    ii ||||| |||| 001 0 ben d</controlfield>
  <datafield tag="035" ind1=" " ind2=" ">
    <subfield code="a">(BD-RjUL)38609</subfield>
  </datafield>
  <datafield tag="040" ind1=" " ind2=" ">
    <subfield code="a">BD-RjUL</subfield>
    <subfield code="b">ben</subfield>
    <subfield code="c">BD-RjUL</subfield>
    <subfield code="d">BD-RjUL</subfield>
  </datafield>
  <datafield tag="041" ind1=" " ind2=" ">
    <subfield code="a">ben</subfield>
  </datafield>
  <datafield tag="082" ind1=" " ind2=" ">
    <subfield code="2">23</subfield>
    <subfield code="a">891.44108</subfield>
    <subfield code="b">SRI 1918</subfield>
  </datafield>
  <datafield tag="245" ind1=" " ind2=" ">
    <subfield code="a">&#x9B6;&#x9CD;&#x9B0;&#x9C0;&#x9B6;&#x9CD;&#x9B0;&#x9C0;&#x9AA;&#x9A6;&#x995;&#x9B2;&#x9CD;&#x9AA;&#x9A4;&#x9B0;&#x9C1; /</subfield>
    <subfield code="c">&#x9B6;&#x9CD;&#x9B0;&#x9C0;&#x9B8;&#x9A4;&#x9C0;&#x9B6;&#x99A;&#x9A8;&#x9CD;&#x9A6;&#x9CD;&#x9B0; &#x9B0;&#x9BE;&#x9AF;&#x9BC; &#x98F;&#x9AE; &#x98F; &#x9B8;&#x9AE;&#x9CD;&#x9AA;&#x9BE;&#x9A6;&#x9BF;&#x9A4;</subfield>
    <subfield code="n">&#x9A6;&#x9CD;&#x9AC;&#x9BF;&#x9A4;&#x9C0;&#x9AF;&#x9BC; &#x996;&#x9A8;&#x9CD;&#x9A1; (&#x9A4;&#x9C3;&#x9A4;&#x9C0;&#x9AF;&#x9BC; &#x9B6;&#x9BE;&#x996;&#x9BE;)</subfield>
  </datafield>
  <datafield tag="260" ind1=" " ind2=" ">
    <subfield code="a">&#x995;&#x9B2;&#x9BF;&#x995;&#x9BE;&#x9A4;&#x9BE; :</subfield>
    <subfield code="b">&#x9AC;&#x999;&#x9CD;&#x997;&#x9C0;&#x9AF;&#x9BC; &#x9B8;&#x9BE;&#x9B9;&#x9BF;&#x9A4;&#x9CD;&#x9AF; &#x9AA;&#x9B0;&#x9BF;&#x9B7;&#x9CE; &#x9AE;&#x9A8;&#x9CD;&#x9A6;&#x9BF;&#x9B0;,</subfield>
    <subfield code="c">&#x9E7;&#x9EF;&#x9E7;&#x9EE;</subfield>
  </datafield>
  <datafield tag="300" ind1=" " ind2=" ">
    <subfield code="a">&#x9E7;&#x9E9;, &#x9EA;&#x9EB;&#x9EC; &#x9AA;&#x9C3;. ;</subfield>
    <subfield code="c">&#x9E8;&#x9EB; &#x9B8;&#x9C7;&#x9AE;&#x9BF;.</subfield>
  </datafield>
  <datafield tag="490" ind1=" " ind2=" ">
    <subfield code="a">&#x9B8;&#x9BE;&#x9B9;&#x9BF;&#x9A4;&#x9CD;&#x9AF; &#x9AA;&#x9B0;&#x9BF;&#x9B7;&#x9A6;&#x9CD; &#x997;&#x9CD;&#x9B0;&#x9A8;&#x9CD;&#x9A5;&#x9BE;&#x9AC;&#x9B2;&#x9C0; &#x9B8;&#x982;</subfield>
    <subfield code="v">&#x9EB;&#x9E6;</subfield>
  </datafield>
  <datafield tag="500" ind1=" " ind2=" ">
    <subfield code="a">&#x9B6;&#x9AC;&#x9CD;&#x9A6;&#x995;&#x9CB;&#x9B7; &#x9B8;&#x982;&#x9AF;&#x9C1;&#x995;&#x9CD;&#x9A4; &#x964;</subfield>
  </datafield>
  <datafield tag="650" ind1=" " ind2=" ">
    <subfield code="a">&#x9AC;&#x9C8;&#x9B7;&#x9CD;&#x9A3;&#x9AC;</subfield>
    <subfield code="v">&#x9AC;&#x9BE;&#x982;&#x9B2;&#x9BE; &#x9B8;&#x9BE;&#x9B9;&#x9BF;&#x9A4;&#x9CD;&#x9AF;</subfield>
    <subfield code="x">&#x9AA;&#x9CD;&#x9B0;&#x9BE;&#x9B0;&#x9CD;&#x9A5;&#x9A8;&#x9BE; &#x993; &#x9A8;&#x9BF;&#x9B7;&#x9CD;&#x9A0;&#x9BE;</subfield>
    <subfield code="9">118880</subfield>
  </datafield>
  <datafield tag="650" ind1=" " ind2=" ">
    <subfield code="a">Vaishnavism</subfield>
    <subfield code="v">Bengali</subfield>
    <subfield code="x">Prayers and devotions</subfield>
    <subfield code="9">118881</subfield>
  </datafield>
  <datafield tag="700" ind1=" " ind2=" ">
    <subfield code="a">&#x9B0;&#x9BE;&#x9AF;&#x9BC;, &#x9B8;&#x9A4;&#x9C0;&#x9B6;&#x99A;&#x9A8;&#x9CD;&#x9A6;&#x9CD;&#x9B0; </subfield>
    <subfield code="9">118882</subfield>
  </datafield>
  <datafield tag="942" ind1=" " ind2=" ">
    <subfield code="2">ddc</subfield>
    <subfield code="c">BK</subfield>
    <subfield code="0">4</subfield>
  </datafield>
  <datafield tag="999" ind1=" " ind2=" ">
    <subfield code="c">38504</subfield>
    <subfield code="d">38504</subfield>
  </datafield>
  <datafield tag="952" ind1=" " ind2=" ">
    <subfield code="0">0</subfield>
    <subfield code="1">3</subfield>
    <subfield code="2">ddc</subfield>
    <subfield code="4">0</subfield>
    <subfield code="7">0</subfield>
    <subfield code="8">NFIC</subfield>
    <subfield code="a">RUCL</subfield>
    <subfield code="b">RUCL</subfield>
    <subfield code="d">2015-12-21</subfield>
    <subfield code="l">14</subfield>
    <subfield code="m">1</subfield>
    <subfield code="o">B 891.44108 SRI V-2 1918</subfield>
    <subfield code="r">2024-09-12 00:00:00</subfield>
    <subfield code="s">2023-03-09</subfield>
    <subfield code="t">C-2</subfield>
    <subfield code="y">BK</subfield>
  </datafield>
</record>
